000 01017cam a2200277 a 4500
001 000019635
005 20200929170102.0
008 800618s1969 sp 001 e spa d
040 _aDO-SdBNP
_cTxSaU
_dDLC
_dBNPHU
082 _a864.6
_bM542poe, 1969
100 1 _aMenéndez Pidal, Ramón,
_d1869-1968
_93902
245 1 0 _aPoesía juglaresca y juglares :
_baspectos de la historia literaria y cultural de España /
_cRamón Menéndez Pidal.
250 _a6a ed.
260 _aMadrid :
_bEspasa-Calpe,
_c1969.
300 _a256 p. ;
_c18 cm.
490 0 _aAustral. Verde: ensayos y filosofía
_v300
500 _aIncluye índice de autores.
650 4 _aEnsayos españoles
_93095
650 4 _aLiteratura española
_9632
650 0 _aPoesía española
_y1500-1700
_xCrítica e interpretación
_942084
650 4 _aPoetas españoles
_xCrítica e interpretación
_914275
830 0 _aAustral.
_pVerde: ensayos y filosofía;
_v300
_98733
910 _aCatalogación derivada / LC
910 _aWM
049 _aBNGR
999 _c19151
_d19151